<?xml version="1.0" encoding="UTF-8"?>
<record
    xmlns:xsi="http://www.w3.org/2001/XMLSchema-instance"
    xsi:schemaLocation="http://www.loc.gov/MARC21/slim http://www.loc.gov/standards/marcxml/schema/MARC21slim.xsd"
    xmlns="http://www.loc.gov/MARC21/slim">

  <leader>01245nam0a2200289   4500</leader>
  <controlfield tag="001">RU\NLR\bibl\813771</controlfield>
  <controlfield tag="005">20250614133751.0</controlfield>
  <datafield tag="010" ind1=" " ind2=" ">
    <subfield code="a">5-17-027385-1</subfield>
    <subfield code="b">&#x410;&#x421;&#x422;</subfield>
  </datafield>
  <datafield tag="010" ind1=" " ind2=" ">
    <subfield code="a">5-9578-1371-0</subfield>
    <subfield code="b">&#x422;&#x440;&#x430;&#x43D;&#x437;&#x438;&#x442;&#x43A;&#x43D;&#x438;&#x433;&#x430;</subfield>
    <subfield code="9">5000</subfield>
  </datafield>
  <datafield tag="021" ind1=" " ind2=" ">
    <subfield code="a">RU</subfield>
    <subfield code="b">2005-17100</subfield>
    <subfield code="9">872</subfield>
  </datafield>
  <datafield tag="035" ind1=" " ind2=" ">
    <subfield code="a">(NLR Aleph) 000802819</subfield>
  </datafield>
  <datafield tag="090" ind1=" " ind2=" ">
    <subfield code="a">1192051</subfield>
    <subfield code="c">1192051</subfield>
  </datafield>
  <datafield tag="100" ind1=" " ind2=" ">
    <subfield code="a">20050629d2005    |||y0rusy50      ca</subfield>
  </datafield>
  <datafield tag="101" ind1="1" ind2=" ">
    <subfield code="a">rus</subfield>
    <subfield code="c">eng</subfield>
  </datafield>
  <datafield tag="102" ind1=" " ind2=" ">
    <subfield code="a">RU</subfield>
  </datafield>
  <datafield tag="105" ind1=" " ind2=" ">
    <subfield code="a">y   |||||||||</subfield>
  </datafield>
  <datafield tag="200" ind1="1" ind2=" ">
    <subfield code="a">&#x41E;&#x441;&#x43B;&#x435;&#x43F;&#x43B;&#x435;&#x43D;&#x43D;&#x44B;&#x435; &#x441;&#x442;&#x440;&#x430;&#x441;&#x442;&#x44C;&#x44E;</subfield>
    <subfield code="e">&#x440;&#x43E;&#x43C;&#x430;&#x43D;&#x44B;</subfield>
    <subfield code="f">[&#x43F;&#x435;&#x440;. &#x441; &#x430;&#x43D;&#x433;&#x43B;. &#x422;.&#x410;. &#x41F;&#x435;&#x440;&#x446;&#x435;&#x432;&#x43E;&#x439;]</subfield>
  </datafield>
  <datafield tag="210" ind1=" " ind2=" ">
    <subfield code="a">&#x41C;&#x43E;&#x441;&#x43A;&#x432;&#x430;</subfield>
    <subfield code="c">&#x410;&#x421;&#x422;</subfield>
    <subfield code="c">&#x422;&#x440;&#x430;&#x43D;&#x437;&#x438;&#x442;&#x43A;&#x43D;&#x438;&#x433;&#x430;</subfield>
    <subfield code="d">2005</subfield>
  </datafield>
  <datafield tag="215" ind1=" " ind2=" ">
    <subfield code="a">380, [2] &#x441;.</subfield>
    <subfield code="d">21</subfield>
  </datafield>
  <datafield tag="300" ind1=" " ind2=" ">
    <subfield code="a">&#x41D;&#x430; &#x43E;&#x431;&#x43B;. &#x430;&#x432;&#x442;.: &#x411;&#x435;&#x440;&#x442;&#x440;&#x438;&#x441; &#x421;&#x43C;&#x43E;&#x43B;&#x43B;, &#x421;&#x44C;&#x44E;&#x437;&#x435;&#x43D; &#x414;&#x436;&#x43E;&#x43D;&#x441;&#x43E;&#x43D;, &#x422;&#x438;&#x44F; &#x414;&#x438;&#x432;&#x430;&#x439;&#x43D;, &#x420;&#x43E;&#x431;&#x438;&#x43D; &#x428;&#x43E;&#x443;&#x43D;</subfield>
  </datafield>
  <datafield tag="327" ind1="1" ind2=" ">
    <subfield code="a">&#x421;&#x43E;&#x434;&#x435;&#x440;&#x436;.: &#x423;&#x43A;&#x440;&#x43E;&#x449;&#x435;&#x43D;&#x438;&#x435; &#x43B;&#x435;&#x434;&#x438; &#x41B;&#x44E;&#x441;&#x438;&#x43D;&#x434;&#x44B; / &#x411;&#x435;&#x440;&#x442;&#x440;&#x438;&#x441; &#x421;&#x43C;&#x43E;&#x43B;&#x43B;. &#x420;&#x438;&#x441;&#x43A;&#x443;&#x44F; &#x432;&#x441;&#x435;&#x43C; / &#x421;&#x44C;&#x44E;&#x437;&#x435;&#x43D; &#x414;&#x436;&#x43E;&#x43D;&#x441;&#x43E;&#x43D;. &#x418;&#x433;&#x440;&#x430; &#x43D;&#x430;&#x441;&#x43B;&#x430;&#x436;&#x434;&#x435;&#x43D;&#x438;&#x44F; / &#x422;&#x438;&#x44F; &#x414;&#x438;&#x432;&#x430;&#x439;&#x43D;. &#x41C;&#x443;&#x436;&#x447;&#x438;&#x43D;&#x430; &#x438; &#x436;&#x435;&#x43D;&#x449;&#x438;&#x43D;&#x430; / &#x420;&#x43E;&#x431;&#x438;&#x43D; &#x428;&#x43E;&#x443;&#x43D;</subfield>
  </datafield>
  <datafield tag="686" ind1=" " ind2=" ">
    <subfield code="a">&#x428;6(7&#x421;&#x428;&#x410;)67-440.4&#x44F;43{&#x41B;&#x445;1979-50&#x441;&#x431;}</subfield>
  </datafield>
  <datafield tag="801" ind1=" " ind2="0">
    <subfield code="a">RU</subfield>
    <subfield code="b">NLR</subfield>
    <subfield code="c">20050629</subfield>
    <subfield code="g">PSBO</subfield>
  </datafield>
  <datafield tag="801" ind1=" " ind2="1">
    <subfield code="a">RU</subfield>
    <subfield code="b">NLR</subfield>
    <subfield code="c">20050629</subfield>
  </datafield>
  <datafield tag="942" ind1=" " ind2=" ">
    <subfield code="c">BOOK</subfield>
  </datafield>
  <datafield tag="980" ind1=" " ind2=" ">
    <subfield code="a">NB</subfield>
  </datafield>
  <datafield tag="995" ind1=" " ind2=" ">
    <subfield code="5">2005-06-29</subfield>
    <subfield code="a">ad</subfield>
    <subfield code="b">NLR01</subfield>
    <subfield code="c">NLR01</subfield>
    <subfield code="e">RF3</subfield>
    <subfield code="f">946768</subfield>
    <subfield code="k">2005-3/17282</subfield>
    <subfield code="o">0</subfield>
    <subfield code="r">BOOK</subfield>
    <subfield code="s">2005317282_</subfield>
  </datafield>
  <datafield tag="995" ind1=" " ind2=" ">
    <subfield code="5">2005-06-29</subfield>
    <subfield code="a">ad</subfield>
    <subfield code="b">NLR01</subfield>
    <subfield code="c">NLR01</subfield>
    <subfield code="e">RF3</subfield>
    <subfield code="f">946769</subfield>
    <subfield code="k">2005-3/17282</subfield>
    <subfield code="o">0</subfield>
    <subfield code="r">BOOK</subfield>
    <subfield code="s">2005317282_</subfield>
  </datafield>
</record>
